000 01168nam a22002057a 4500
005 20240814122310.0
010 _aHIN-128195
020 _a8189860119
_c200.00
035 _aHN-100541
037 _bDBAD
082 _a
100 _aज्ञान मुनिजी
_970028
245 _aज्ञान रश्मियाँ ; (जीवन निर्माणकारी कथाओ का अनूठा संकलन ) (भाग -1) /
_cज्ञान मुनिजी ; गोलेछा, महाबीर एम और धींग दिलीप द्वारा संपादित
260 _aचेन्नई
_bरिसर्च फाउंडेशन फॉर जैनोलोजी
_c2012
270 _aसुगन हाउस ,18 रामानुजा अय्य्रर स्ट्रीट ,साहुकारपेट ,चेन्नई -600079
300 _a500पृ.
_c25सेमी. (सजिल्द)
700 _aगोलेच्छा ,महाबीर ,एम
_970023
700 _aधींग , दिलीप
_970029
942 _2ddc
_cHN
_h
_kज्ञान
999 _c205033
_d205033